Termes utilisés aux échecs - Mort Subite - Statistiques

Statistiques générales
  • Ce quiz a été pris 889 fois
  • Le résultat moyen est 5 sur 8
Answers on the Grid
Answers color-coded by a green-red scale on the quiz's grid according to % correct below.
Vent
Mariage
Petit roque
Cavalier C7
Couteau
Fourchette
En-avant
Sous-promotion
Prise en passant
Fou H9
Clouage
Libération
Grand roque
Pat
Brisure
Grand pont
 
Statistiques - réponses
Réponse % Correct
Petit roque
87%
Cavalier C7
85%
Fourchette
74%
Prise en passant
68%
Grand roque
60%
Pat
60%
Clouage
56%
Sous-promotion
42%
Aucun quiz correspondant
Distribution des résultats
% des personnes avec chaque résultat
Percentile par nombre de réponses
Votre historique - résultats
Vous n’avez pas pris ce quiz